000 00802cab a2200241 4500
001 ABS46851
008 090401t1992 xxu||||| |||| 00| 0 eng d
035 _a(Sirsi) u59734
041 _aeng
245 _aUDCs and enterprise zones
260 _c1992
350 _a0
490 _aEstates Times
_v(1153) 24 July 1992, 13-23(9)
520 _aAn Estates Times Survey which examines the city challenge and city grant, investment, relocation, regeneration, directories of enterprise zones and UDCs and the economic effect of enterprise zones.
650 _aENTERPRISE ZONES
650 _aESTATES TIMES SURVEY
650 _aGILLINGHAM BUSINESS PARK
650 _aINCENTIVE GRANTS
650 _aURBAN DEVELOPMENT CORPORATIONS
690 _aURBAN RENEWAL
942 _n0
948 _c04/03/1997
999 _c36703
_d36703